Statistics for African Ring of Countries

Click here to take the quiz!

General Stats

  • This quiz has been taken 428 times
  • The average score is 28 of 32

Answer Stats

Answer% Correct
Egypt
100%
Eritrea
94%
Sudan
94%
Mozambique
93%
Somalia
93%
South Africa
93%
Angola
92%
Djibouti
92%
Kenya
92%
Namibia
92%
Tanzania
92%
Democratic Republic of the Congo
89%
Ghana
87%
Togo
87%
Algeria
86%
Benin
86%
Côte d'Ivoire
86%
Libya
86%
Cameroon
85%
Gabon
85%
Morocco / Western Sahara
85%
Nigeria
85%
Tunisia
85%
Equatorial Guinea
84%
Guinea
84%
Liberia
84%
Senegal
84%
Sierra Leone
84%
Gambia
83%
Mauritania
83%
Republic of the Congo
82%
Guinea-Bissau
81%

Score Distribution

Percentile by Number Answered

Percent of People with Each Score

Your Score History

You have not taken this quiz